000 nam a22 7a 4500
999 _c9175
_d9175
008 180123b ||||| |||| 00| 0 eng d
100 _aArya.R.P.etal.
_95440
245 _aNorth eastern state Road Atlas State D.G.
260 _aJodhpur
_bIMS
_c2004